000 00316nam a2200133Ia 4500
008 240624s9999 xx 000 0 und d
041 _aeng
082 _a891.46 BAP
100 _aBAPAT B G
245 _aBABA AMTE
260 _c2007
_aPune
_bRajhans Prakashan
300 _axv, : 239 : p. : cm. ; 21
365 _cRS
_b20
999 _c6885
_d6885